The role of importin-ß in nuclear envelope assembly

Elmentve itt :
Bibliográfiai részletek
Szerző: Timinszky Gyula
További közreműködők: Szabad János (Témavezető)
Dokumentumtípus: Disszertáció
Megjelent: 2003
Kulcsszavak:Biológia
Tárgyszavak:
mtmt:31169822
Online Access:http://doktori.ek.szte.hu/4928
LEADER 00768nta a2200205 i 4500
001 dokt4928
005 20200211083719.0
008 200210s2003 hu om 0|| eng d
024 7 |a 31169822  |2 mtmt 
040 |a SZTE Doktori Repozitórium  |b hun 
041 |a eng 
100 1 |a Timinszky Gyula 
245 1 4 |a The role of importin-ß in nuclear envelope assembly  |h [elektronikus dokumentum] /  |c  Timinszky Gyula 
260 |c 2003 
502 |a Disszertacio 
650 4 |a elméleti orvostudományok 
695 |a Biológia 
700 1 |a Szabad János  |e ths 
856 4 0 |u https://doktori.bibl.u-szeged.hu/id/eprint/4928/1/2003_timinszky_gyula.pdf  |z Dokumentum-elérés  
856 4 0 |u https://doktori.bibl.u-szeged.hu/id/eprint/4928/2/2003_timinszky_gyula_publikaciok.pdf  |z Dokumentum-elérés